1899 1179 1142 1667 1156 1915 1900 1728 1188 1632 1184 1872 1260 1785 1454 1291 1281 1018 1824 1974 1041 1407 1873 1781 1553 1122 1521 1385 1842 1585 1318 1649 1346 1024 1352 1150 1888 1334 1693 1820 1526 1984 1937 1830 1539 1074 1291 1457 1390 1807 1480 1136 1515 1127 1586 1455 1890 1159 1808 1604 1404 1204 1401 1331 1143 1534 1095 1991 1141 1819 1064 1838 1712 1780 1987 1867 1060 1085 1732 1253 1555 1498 1457 1260 1606 1324 1352 1623 1160 1584 1786 1537 1520 1308 1039 1126 1348 1244 1112 BCNSPRNW ULIB Ver.6.0+V

เปลี่ยนเป็นภาษาไทย

Change to English
 แสดงรายละเอียดบรรณานุกรม
  กลับหน้าหลัก

Brief Record : Get Marc (ISO 2709) : E-mail record : QR code < ปิดหน้าต่าง
LEADER : 00000nam 2200000uu 4500
001    13399110407
003     ULIB
008    110506s2009||||th 000 0 eng d
020    9780323052566
060 04 WY160^bP957 2009
245 00 Principles and practice of psychiatric nursing /^c[editedby] Gail Wiscarz Stuart
250    9th ed.
260    St. Louis. :^bMosby Elsevier,^c2009
300    xxv, 800 p. :^bcol. ill. ;^c29 cm.
504    Includes bibliographical references and index
650  0 Psychiatric nursing
650  2 Mental Disorders^xnursing
650  2 Psychiatric Nursing^xmethods
700 1  Stuart, Gail Wiscarz,^d1949- ,^eed.
945    ^p0^l0^i030083
995     Kesorn
999 ^a ใช้งานได้ทุกระบบ
รายการนี้ยังไม่มีแท็ก
คุณยังไม่ได้ล็อกอิน คุณสามารถมีกิจกรรมร่วมกับเว็บไซต์ได้ แต่ต้องล็อกอินก่อน ::
  ล็อกอิน

รายการสื่อสารสนเทศ

ลำดับที่ ประเภท เลขเรียก/บาร์โค้ด สถานที่ สถานะ
- ไม่พบข้อมูล -

รายการใกล้เคียง
    หัวเรื่อง [Psychiatric nursing]
    หัวเรื่อง [Mental Disorders nursing]

BibComment


ยังไม่เคยถูกคอมเมนท์

คอมเมนท์ทรัพยากรรายการนี้
  คอมเมนท์: Principles and pr..


 Copyright 2026. Bcnsprnw @Library